Tabari / (Record no. 30877)

MARC details
000 -LEADER
fixed length control field 01091nam a22003137a 4500
005 - DATE AND TIME OF LATEST TRANSACTION
control field 2009101000240.0
008 - FIXED-LENGTH DATA ELEMENTS--GENERAL INFORMATION
fixed length control field 091010t xxu||||| |||| 00| 0 eng d
010 ## - LCCN (DPL NO)
LC control number ENG-95119
020 ## - INTERNATIONAL STANDARD BOOK NUMBER
International Standard Book Number 0198063016
Terms of availability 225.00
020 ## - INTERNATIONAL STANDARD BOOK NUMBER
International Standard Book Number 9780198063018
Terms of availability 225.00
035 ## - SYSTEM CONTROL NUMBER
System control number EN-78652
037 ## - SOURCE OF ACQUISITION
Source of stock number/acquisition DBAD/PUB
040 ## - CATALOGING SOURCE
Original cataloging agency DPL
Language of cataloging ENG
082 ## - DEWEY DECIMAL CLASSIFICATION NUMBER
Classification number 270.92
100 ## - MAIN ENTRY--PERSONAL NAME
Personal name Martensson, Ulrika
245 ## - TITLE STATEMENT
Title Tabari /
Statement of responsibility, etc Ulrika Martensson
260 ## - PUBLICATION, DISTRIBUTION, ETC. (IMPRINT)
Place of publication, distribution, etc New Delhi
Name of publisher, distributor, etc Oxford University Press
Date of publication, distribution, etc 2009
270 ## - ADDRESS
Address YMCA Library Building , Jai Shingh Road,
City New Delhi
Postal code 110001
300 ## - PHYSICAL DESCRIPTION
Extent 177p.
Dimensions 22cm.(Pbk)
490 ## - SERIES STATEMENT
Series statement Makers of islamic civilization/edited by Farhan A. Nizami
500 ## - GENERAL NOTE
General note Includes index
600 ## - SUBJECT ADDED ENTRY--PERSONAL NAME
Personal name Tabari,
Dates associated with a name 838? -923
650 ## - SUBJECT ADDED ENTRY--TOPICAL TERM
Topical term or geographic name as entry element Islam
General subdivision Historiography
650 ## - SUBJECT ADDED ENTRY--TOPICAL TERM
Topical term or geographic name as entry element Islam
General subdivision History
650 ## - SUBJECT ADDED ENTRY--TOPICAL TERM
Topical term or geographic name as entry element Scholars, Muslim
700 ## - ADDED ENTRY--PERSONAL NAME
Personal name Farhan A. Nizami
942 ## - ADDED ENTRY ELEMENTS (KOHA)
Source of classification or shelving scheme Dewey Decimal Classification
Item type English Books
Call number suffix MAR
Classification part 270.92
Holdings
Withdrawn status Lost status Source of classification or shelving scheme Damaged status Not for loan Collection code Home library Current library Date acquired Source of acquisition Cost, normal purchase price Total Checkouts Full call number Barcode Date last seen Copy number Cost, replacement price Koha item type
    Dewey Decimal Classification   Not For Loan Non-fiction D.B.Act.Division D.B.Act.Division 10/10/2009 DBAD / PUB 225.00   270.92 MAR EN-78652 10/10/2009 1 225.00 English Books

© Delhi Public Library
Hit Counter
free hit counter